000
00326nam a2200133Ia 4500
008
100328s9999 xx 000 0 und d
082
_b
33010
100
_a
आफळे सुनिती
245
_a
केवडा
260
_b
आरती
630
_a
केवडा
730
_a
केवडा
942
_c
BOOK
999
_c
523611
_d
523608